| 000 | 01172nac a22002771u 4500 | ||
|---|---|---|---|
| 008 | 160303b xxu||||| |||| 00| 0 eng d | ||
| 010 | _a 2003007454 | ||
| 020 | _a0471206938 | ||
| 082 | 0 | 0 |
_a005.7565 _bG3127 |
| 100 | _aGerardi, Michael H. | ||
| 245 | 1 | 4 |
_aThe microbiology of anaerobic digesters / _cMichael H. Gerardi. |
| 260 |
_aHoboken, N.J. : _bWiley-Interscience, _cc2003. |
||
| 300 |
_aix, 177 p. : _bill. ; _c26 cm. |
||
| 440 | 0 | _aWastewater microbiology series | |
| 500 | _aDonations. | ||
| 500 | _aDonations - Bibliotheca Alexandrina. | ||
| 504 | _aIncludes bibliographical references (p. 161-164) and index. | ||
| 650 | 0 |
_aSewage sludge digestion. _2BUEsh |
|
| 650 | 0 |
_aAnaerobic bacteria. _2BUEsh |
|
| 651 | _2BUEsh | ||
| 856 | 4 | 2 |
_3Contributor biographical information _uhttp://www.loc.gov/catdir/bios/wiley043/2003007454.html |
| 856 | 4 | 2 |
_3Publisher description _uhttp://www.loc.gov/catdir/description/wiley036/2003007454.html |
| 856 | 4 | 2 |
_3Table of contents _uhttp://www.loc.gov/catdir/toc/wiley031/2003007454.html |
| 856 | 4 | 2 |
_3Book review (E-STREAMS) _uhttp://www.e-streams.com/es0702/es0702_3017.html |
| 942 |
_cBB _k005.7565G3127 _2ddc |
||
| 999 |
_c3319 _d3319 |
||